[Event "Sunnyvale 1000 GM Winter 12"]
[Site "Sunnyvale"]
[Date "2023.12.28"]
[Round "5"]
[White "Arutla, Aditya"]
[Black "Coleman, Teddy"]
[Result "0-1"]
[WhiteElo "2132"]
[BlackElo "2333"]
[PlyCount "130"]
[EventDate "2023.12.26"]
[EventType "schev"]
[EventRounds "9"]
[EventCountry "USA"]
[SourceTitle "CB01_2024"]
[SourceDate "2024.01.03"]
[SourceVersion "1"]
[SourceVersionDate "2024.01.03"]
[SourceQuality "1"]

1. e4 c5 2. Nf3 Nc6 3. d4 cxd4 4. Nxd4 Nf6 5. Nc3 e5 6. Ndb5 d6 7. Bg5 a6 8. Na3 Be6 9. Nc4 Rb8 10. Bxf6 Qxf6 11. Ne3 Qd8 12. g3 g6 13. Bg2 h5 14. h4 Bh6 15. Ncd5 Kf8 16. 0-0 g5 17. hxg5 Qxg5 18. Nc7 Rd8 19. Qf3 Bc8 20. c3 Ne7 21. Rfd1 Qg6 22. Ncd5 Nxd5 23. Rxd5 Be6 24. Rd3 h4 25. Nf5 hxg3 26. fxg3 Bc4 27. Rdd1 Bg5 28. b3 Be6 29. c4 b5 30. cxb5 axb5 31. g4 d5 32. exd5 Bxf5 33. Qxf5 Qb6+ 34. Kf1 Rh6 35. Qxg5 Rf6+ 36. Qf5 Rxf5+ 37. gxf5 Qe3 38. Re1 Qf4+ 39. Kg1 Qd4+ 40. Kf1 Qf4+ 41. Kg1 Qxf5 42. a4 bxa4 43. bxa4 Rb8 44. Re2 Qg4 45. Rd2 Qf4 46. Rf2 Qd4 47. Raf1 f5 48. Kh2 f4 49. Bh3 Qd3 50. Rg1 Kf7 51. Be6+ Kf6 52. a5 Rh8+ 53. Kg2 Rh5 54. Bg4 Rg5 55. Kh1 Rxg4 56. Rxg4 Qh3+ 57. Rh2 Qxg4 58. a6 Qd1+ 59. Kg2 Qxd5+ 60. Kg1 Kf5 61. a7 Qd4+ 62. Kh1 Qxa7 63. Rh8 f3 64. Rf8+ Ke4 65. Rg8 Qh7+ 0-1

[Event "Sunnyvale 1000 GM Winter 12"]
[Site "Sunnyvale"]
[Date "2023.12.28"]
[Round "4"]
[White "Coleman, Teddy"]
[Black "Sripada, Havish"]
[Result "1-0"]
[WhiteElo "2333"]
[BlackElo "2278"]
[PlyCount "129"]
[EventDate "2023.12.26"]
[EventType "schev"]
[EventRounds "9"]
[EventCountry "USA"]
[SourceTitle "CB01_2024"]
[SourceDate "2024.01.03"]
[SourceVersion "1"]
[SourceVersionDate "2024.01.03"]
[SourceQuality "1"]

1. c4 e6 2. Nc3 d5 3. d4 Be7 4. Bf4 Nf6 5. e3 0-0 6. a3 b6 7. cxd5 exd5 8. Nf3 Bb7 9. Bd3 c5 10. Ne5 Nc6 11. Qf3 cxd4 12. Nxc6 Bxc6 13. exd4 Bd6 14. 0-0 Qc7 15. Bg3 Bxg3 16. hxg3 Rfe8 17. Rac1 Qd6 18. Qf4 Qd7 19. Rfe1 Rxe1+ 20. Rxe1 Re8 21. Re5 Rxe5 22. dxe5 Ne4 23. Nd1 Qd8 24. Ne3 Nc5 25. Qd4 Nxd3 26. Qxd3 Qe7 27. Qd4 Qc5 28. Nf5 Qc1+ 29. Kh2 Qg5 30. Qh4 Qxh4+ 31. gxh4 Kf8 32. Kg3 Bd7 33. Nd4 Ke7 34. f4 f6 35. Kf3 h5 36. Ke3 a6 37. Nc2 Bc6 38. Kd4 Ke6 39. Ne3 fxe5+ 40. fxe5 g6 41. g3 b5 42. b4 Bb7 43. Ng2 g5 44. hxg5 Kf5 45. Ne3+ Kxg5 46. Nxd5 Bc8 47. Nf6 Be6 48. Kc5 Bf7 49. Kd6 Kf5 50. Ke7 Bc4 51. Nxh5 Kxe5 52. Nf6 Kd4 53. Nd7 Kc3 54. Nb8 Be2 55. Nxa6 Kb3 56. Kd6 Kxa3 57. Kc5 Kb3 58. Nc7 Ka4 59. Ne6 Bg4 60. Nd4 Bd7 61. Nf3 Kb3 62. Ne5 Be8 63. g4 Kc3 64. g5 Kd2 65. g6 1-0

[Event "I'M Not A GM Speed Chess"]
[Site "Chess.com INT"]
[Date "2021.01.31"]
[Round "1.1"]
[White "Coleman, Teddy"]
[Black "Yip, Carissa"]
[Result "0-1"]
[WhiteElo "2333"]
[BlackElo "2421"]
[PlyCount "90"]
[EventDate "2021.01.03"]
[EventType "k.o. (blitz)"]
[EventRounds "4"]
[EventCountry "USA"]
[SourceTitle "EXT 2022"]
[Source "ChessBase"]
[SourceDate "2021.10.06"]
[SourceVersion "1"]
[SourceVersionDate "2021.10.06"]
[SourceQuality "1"]

1. d4 g6 2. c4 Nf6 3. Nc3 Bg7 4. e4 0-0 5. Be2 d6 6. Be3 e5 7. d5 a5 8. g4 Na6 9. g5 Nd7 10. h4 Ndc5 11. Qd2 c6 12. 0-0-0 cxd5 13. Nxd5 Nxe4 14. Qc2 Nec5 15. Bxc5 Nxc5 16. Ne3 a4 17. Bf3 e4 18. Bxe4 Nxe4 19. Qxe4 a3 20. b3 Qa5 21. Qd3 Qe5 22. Kd2 Re8 23. Rb1 Bd7 24. Ne2 Bc6 25. f4 Qa5+ 26. b4 Qa7 27. Nd5 Bxd5 28. cxd5 Re7 29. Rh2 Rae8 30. Rc1 Re3 31. Qb5 Rxe2+ 32. Rxe2 Qd4+ 33. Ke1 Qg1+ 34. Kd2 Qd4+ 35. Ke1 Rxe2+ 36. Qxe2 Qg1+ 37. Kd2 Qd4+ 38. Qd3 Qxf4+ 39. Qe3 Qh2+ 40. Kd3 Be5 41. Rc8+ Kg7 42. Qf3 Qxa2 43. Rc7 Qb3+ 44. Ke2 Qxf3+ 45. Kxf3 a2 0-1

[Event "I'M Not A GM Speed Chess"]
[Site "Chess.com INT"]
[Date "2021.01.31"]
[Round "1.7"]
[White "Coleman, Teddy"]
[Black "Yip, Carissa"]
[Result "1-0"]
[WhiteElo "2333"]
[BlackElo "2421"]
[PlyCount "105"]
[EventDate "2021.01.03"]
[EventType "k.o. (blitz)"]
[EventRounds "4"]
[EventCountry "USA"]
[SourceTitle "EXT 2022"]
[Source "ChessBase"]
[SourceDate "2021.10.06"]
[SourceVersion "1"]
[SourceVersionDate "2021.10.06"]
[SourceQuality "1"]

1. d4 g6 2. c4 Bg7 3. e4 d6 4. Nc3 Nf6 5. Be2 0-0 6. Be3 e5 7. d5 Na6 8. g4 Nc5 9. f3 h5 10. g5 Nfd7 11. h4 a5 12. Qd2 c6 13. 0-0-0 cxd5 14. cxd5 Nb6 15. Kb1 Bd7 16. Rc1 Qe8 17. Nh3 Nc8 18. Bxc5 dxc5 19. d6 b5 20. Nd5 Qd8 21. Rxc5 Ra6 22. Rxc8 Bxc8 23. Ne7+ Kh7 24. Nxc8 Qxc8 25. d7 Qb8 26. Rd1 Rd8 27. Qd5 Rb6 28. Qxf7 Rd6 29. a3 R8xd7 30. Qxd7 Rxd7 31. Rxd7 b4 32. axb4 axb4 33. Nf2 Qb6 34. Nd3 b3 35. Nc1 Qc6 36. Rd2 Bf8 37. Bd1 Bb4 38. Rh2 Be1 39. Bxb3 Bg3 40. Rc2 Bxh4 41. Rxc6 Bxg5 42. Bf7 h4 43. Bxg6+ Kg7 44. Bf5 Bf4 45. Rg6+ Kf7 46. Rg4 Bg3 47. Rxg3 hxg3 48. Bh3 Kf6 49. Ne2 Kg5 50. Bg2 Kh4 51. b4 Kg5 52. b5 Kf6 53. b6 1-0

[Event "I'M Not A GM Speed Chess"]
[Site "Chess.com INT"]
[Date "2021.01.31"]
[Round "1.19"]
[White "Coleman, Teddy"]
[Black "Yip, Carissa"]
[Result "0-1"]
[WhiteElo "2333"]
[BlackElo "2421"]
[PlyCount "152"]
[EventDate "2021.01.03"]
[EventType "k.o. (blitz)"]
[EventRounds "4"]
[EventCountry "USA"]
[SourceTitle "EXT 2022"]
[Source "ChessBase"]
[SourceDate "2021.10.06"]
[SourceVersion "1"]
[SourceVersionDate "2021.10.06"]
[SourceQuality "1"]

1. d4 g6 2. c4 Bg7 3. e4 e6 4. Nc3 Ne7 5. Bg5 h6 6. Be3 d5 7. cxd5 exd5 8. Bb5+ c6 9. Bd3 dxe4 10. Bxe4 0-0 11. Nf3 Bf5 12. Qc2 Nd7 13. 0-0 Nf6 14. Bxf5 Nxf5 15. Rfe1 Nd5 16. Nxd5 Qxd5 17. a3 Rfe8 18. Qd3 Rad8 19. Rad1 g5 20. h3 f6 21. Rc1 b6 22. Qc4 Ne7 23. Bd2 Qxc4 24. Rxc4 Kf7 25. Kf1 Rd7 26. Bb4 Rc8 27. Bxe7 Rxe7 28. Rec1 Rec7 29. b4 Bf8 30. Ke2 Bd6 31. Kd3 Ke6 32. Nd2 f5 33. f3 Kd5 34. Nb1 Ke6 35. Re1+ Kd7 36. Rec1 Re8 37. Nd2 Bf4 38. d5 cxd5 39. Rxc7+ Bxc7 40. Nb3 Bf4 41. Rd1 Re3+ 42. Kc2 Kd6 43. Nd4 Re5 44. Nb5+ Kc6 45. Nd4+ Kb7 46. Rd3 Bg3 47. Kb3 Bf2 48. Nc2 Kc6 49. a4 f4 50. b5+ Kd6 51. Nb4 Bc5 52. Nc6 Re2 53. Nxa7 Rxg2 54. Nc6 Rg3 55. a5 bxa5 56. Ka4 Rxh3 57. Kxa5 g4 58. Nb4 Bxb4+ 59. Kxb4 Rxf3 60. Rd1 g3 61. b6 Rf2 62. Rg1 Rb2+ 63. Kc3 Rxb6 64. Kd4 Rb4+ 65. Kd3 Re4 66. Rh1 Re6 67. Rg1 h5 68. Rh1 g2 69. Ra1 f3 70. Ra6+ Ke5 71. Ra1 f2 72. Ke3 f1Q 73. Rxf1 gxf1Q 74. Kd2 Kd4 75. Kc2 Qd3+ 76. Kb2 Rb6+ 0-1

[Event "I'M Not A GM Speed Chess"]
[Site "Chess.com INT"]
[Date "2021.01.31"]
[Round "1.8"]
[White "Yip, Carissa"]
[Black "Coleman, Teddy"]
[Result "0-1"]
[WhiteElo "2421"]
[BlackElo "2333"]
[PlyCount "108"]
[EventDate "2021.01.03"]
[EventType "k.o. (blitz)"]
[EventRounds "4"]
[EventCountry "USA"]
[SourceTitle "EXT 2022"]
[Source "ChessBase"]
[SourceDate "2021.10.06"]
[SourceVersion "1"]
[SourceVersionDate "2021.10.06"]
[SourceQuality "1"]

1. b3 d5 2. Bb2 Bg4 3. g3 e6 4. Bg2 Nf6 5. Nf3 Nbd7 6. 0-0 c6 7. c4 Bd6 8. d4 Bxf3 9. Bxf3 h5 10. h4 Qc7 11. Kg2 0-0-0 12. c5 Be7 13. b4 g5 14. hxg5 Ne4 15. Bxe4 dxe4 16. Nc3 f5 17. b5 Bxg5 18. bxc6 bxc6 19. Qa4 Rdg8 20. Qa6+ Kd8 21. d5 exd5 22. Nxd5 cxd5 23. Bxh8 Rxh8 24. Rfd1 Rh6 25. Qa4 Bf6 26. Rac1 d4 27. Qc4 Ke7 28. c6 Nb6 29. Qc5+ Kf7 30. a4 h4 31. Qxf5 hxg3 32. fxg3 Rg6 33. Qh3 Be5 34. Qh7+ Rg7 35. Rf1+ Ke6 36. Qf5+ Kd5 37. g4 Qc8 38. Qxc8 Nxc8 39. Kh3 Ne7 40. c7 Nc8 41. Rf5 Ke6 42. Rh5 Rxc7 43. Rxe5+ Kxe5 44. Rxc7 Nb6 45. g5 d3 46. exd3 exd3 47. Rc1 d2 48. Rd1 Nc4 49. g6 Kf6 50. Kg4 Ne3+ 51. Kh5 Nxd1 52. Kh6 Ne3 53. g7 Nf5+ 54. Kh7 Nxg7 0-1

[Event "I'M Not A GM Speed Chess"]
[Site "Chess.com INT"]
[Date "2021.01.31"]
[Round "1.20"]
[White "Yip, Carissa"]
[Black "Coleman, Teddy"]
[Result "1-0"]
[WhiteElo "2421"]
[BlackElo "2333"]
[PlyCount "63"]
[EventDate "2021.01.03"]
[EventType "k.o. (blitz)"]
[EventRounds "4"]
[EventCountry "USA"]
[SourceTitle "EXT 2022"]
[Source "ChessBase"]
[SourceDate "2021.10.06"]
[SourceVersion "1"]
[SourceVersionDate "2021.10.06"]
[SourceQuality "1"]

1. e4 c6 2. Nf3 d5 3. exd5 cxd5 4. d4 Nf6 5. Bd3 Nc6 6. 0-0 Bg4 7. Be3 e6 8. h3 Bh5 9. c3 Bd6 10. Nbd2 0-0 11. Qc2 Bg6 12. Rfe1 b5 13. Bxg6 hxg6 14. Nb3 Ne4 15. Nfd2 Nxd2 16. Qxd2 b4 17. Bf4 a5 18. Bxd6 Qxd6 19. Nc5 bxc3 20. bxc3 Rfb8 21. Rab1 Ne7 22. Qc2 Nf5 23. Qa4 Nh4 24. Nd3 Qe7 25. Rxb8+ Rxb8 26. Re3 Rb1+ 27. Kh2 Qd6+ 28. g3 Nf5 29. Rf3 Qd8 30. Qc6 Ra1 31. Ne5 Rxa2 32. Qb7 1-0

[Event "USA-ch Online Swiss 2400+"]
[Site "Chess.com INT"]
[Date "2020.11.29"]
[Round "11"]
[White "Coleman, Teddy"]
[Black "Jian, Alex"]
[Result "1-0"]
[WhiteElo "2333"]
[BlackElo "2089"]
[PlyCount "63"]
[EventDate "2020.11.29"]
[EventType "swiss (blitz)"]
[EventRounds "12"]
[EventCountry "USA"]
[SourceTitle "CBM 199 Extra"]
[Source "ChessBase"]
[SourceDate "2021.01.31"]
[SourceVersion "1"]
[SourceVersionDate "2021.01.31"]
[SourceQuality "1"]

1. c4 e6 2. Nc3 d5 3. d4 Nf6 4. cxd5 Nxd5 5. e4 Nxc3 6. bxc3 c5 7. Nf3 cxd4 8. cxd4 Bb4+ 9. Bd2 Bxd2+ 10. Qxd2 0-0 11. Bc4 Nc6 12. 0-0 b6 13. Rad1 Bb7 14. Rfe1 Rc8 15. Qf4 Qf6 16. Qxf6 gxf6 17. d5 Ne5 18. Nxe5 fxe5 19. Bb3 exd5 20. exd5 f6 21. d6+ Kg7 22. d7 Rcd8 23. Rd6 Ba6 24. a4 Rb8 25. f4 Rbd8 26. g3 exf4 27. Re7+ Kh6 28. gxf4 Bb7 29. Kf2 Bh1 30. Bc2 Kh5 31. Bf5 h6 32. Re3 1-0

[Event "USA-ch Online Swiss 2400+"]
[Site "Chess.com INT"]
[Date "2020.11.29"]
[Round "5"]
[White "Mei, Austin"]
[Black "Coleman, Teddy"]
[Result "0-1"]
[WhiteElo "1962"]
[BlackElo "2333"]
[PlyCount "74"]
[EventDate "2020.11.29"]
[EventType "swiss (blitz)"]
[EventRounds "12"]
[EventCountry "USA"]
[SourceTitle "CBM 199 Extra"]
[Source "ChessBase"]
[SourceDate "2021.01.31"]
[SourceVersion "1"]
[SourceVersionDate "2021.01.31"]
[SourceQuality "1"]

1. e4 e5 2. Nf3 Nc6 3. Bc4 Nf6 4. Ng5 d5 5. exd5 Na5 6. d3 h6 7. Nf3 Nxc4 8. dxc4 e4 9. Nd4 Bd6 10. h3 0-0 11. Be3 a6 12. Nc3 Qe7 13. Qd2 Bd7 14. 0-0-0 b5 15. c5 Bxc5 16. Nb3 Bd6 17. Rhe1 a5 18. Bd4 a4 19. Bxf6 Qxf6 20. Nxe4 Qh4 21. Nbc5 Bf4 22. Re3 Bf5 23. g3 Bxe3 24. Qxe3 Qxh3 25. Nc3 b4 26. N3xa4 Rfe8 27. Qd4 Re2 28. g4 Rxc2+ 29. Kb1 Rd2+ 30. gxf5 Qxf5+ 31. Ka1 Rxd4 32. Rxd4 Qc2 33. a3 b3 34. Nc3 Rxa3+ 35. bxa3 Qxc3+ 36. Kb1 Qc2+ 37. Ka1 Qa2# 0-1

[Event "USA-ch Online Swiss 2400+"]
[Site "Chess.com INT"]
[Date "2020.11.29"]
[Round "2"]
[White "Perrine, Dalton"]
[Black "Coleman, Teddy"]
[Result "1-0"]
[WhiteElo "2247"]
[BlackElo "2333"]
[PlyCount "43"]
[EventDate "2020.11.29"]
[EventType "swiss (blitz)"]
[EventRounds "12"]
[EventCountry "USA"]
[SourceTitle "CBM 199 Extra"]
[Source "ChessBase"]
[SourceDate "2021.01.31"]
[SourceVersion "1"]
[SourceVersionDate "2021.01.31"]
[SourceQuality "1"]

1. e4 e5 2. Nf3 Nc6 3. d4 exd4 4. Nxd4 Nf6 5. Nxc6 bxc6 6. e5 Qe7 7. Qe2 Nd5 8. h4 a5 9. c4 Ba6 10. Rh3 Nb6 11. Nd2 Qe6 12. b3 a4 13. Bb2 Bb4 14. 0-0-0 0-0 15. Nf3 axb3 16. axb3 Rfe8 17. Ng5 Qh6 18. Qf3 Re7 19. Bd3 Kh8 20. Kc2 Rf8 21. Nxh7 Rfe8 22. Bc1 1-0

[Event "USA-ch Online Swiss 2400+"]
[Site "Chess.com INT"]
[Date "2020.11.29"]
[Round "12"]
[White "Szabo, Marcell"]
[Black "Coleman, Teddy"]
[Result "1/2-1/2"]
[WhiteElo "1895"]
[BlackElo "2333"]
[PlyCount "135"]
[EventDate "2020.11.29"]
[EventType "swiss (blitz)"]
[EventRounds "12"]
[EventCountry "USA"]
[SourceTitle "CBM 199 Extra"]
[Source "ChessBase"]
[SourceDate "2021.01.31"]
[SourceVersion "1"]
[SourceVersionDate "2021.01.31"]
[SourceQuality "1"]

1. e4 e5 2. Nf3 Nc6 3. Bc4 Nf6 4. d3 Bc5 5. h3 0-0 6. 0-0 h6 7. Be3 Bxe3 8. fxe3 d5 9. exd5 Nxd5 10. Qe2 Be6 11. Bxd5 Bxd5 12. Nc3 Be6 13. Qf2 Qe7 14. Qg3 f6 15. Nh4 Rf7 16. a3 Re8 17. Ng6 Qd8 18. Rf2 Ne7 19. Raf1 Nxg6 20. Qxg6 Kf8 21. Ne4 Ke7 22. Ng3 Qd5 23. c4 Qd7 24. Rd1 Kd8 25. Rfd2 Kc8 26. d4 exd4 27. Rxd4 Qc6 28. b4 a6 29. Ne4 Rfe7 30. Nc5 Kb8 31. Rd8+ Rxd8 32. Rxd8+ Ka7 33. Qd3 b6 34. Nxe6 Qxe6 35. Kf2 Qe5 36. Qd4 Qf5+ 37. Kg1 Kb7 38. c5 Qb1+ 39. Kh2 Qe4 40. cxb6 Qxd4 41. exd4 Kxb6 42. a4 Re4 43. Kg3 f5 44. Kf3 g5 45. Rd5 Rf4+ 46. Ke3 Rf1 47. Rd8 Rg1 48. Rh8 Rxg2 49. Rxh6+ Kb7 50. d5 Rg3+ 51. Kd4 f4 52. Rh7 Kc8 53. b5 axb5 54. axb5 Rg1 55. Ke4 Re1+ 56. Kf3 Re3+ 57. Kf2 Re5 58. d6 cxd6 59. b6 Rb5 60. Kf3 Rb3+ 61. Ke4 Kb8 62. Rg7 Rg3 63. Kd5 Rxh3 64. Kxd6 Rh6+ 65. Ke5 Rxb6 66. Rxg5 Rb5+ 67. Kxf4 Rxg5 68. Kxg5 1/2-1/2

[Event "PNWCC Online Masters"]
[Site "Chess.com INT"]
[Date "2020.05.24"]
[Round "5.22"]
[White "Yan, Rui Yang"]
[Black "Coleman, Teddy"]
[Result "0-1"]
[WhiteElo "2093"]
[BlackElo "2333"]
[PlyCount "82"]
[EventDate "2020.05.23"]
[EventType "swiss (rapid)"]
[EventRounds "9"]
[EventCountry "USA"]
[SourceTitle "CBM 196 Extra"]
[Source "ChessBase"]
[SourceDate "2020.07.31"]
[SourceVersion "1"]
[SourceVersionDate "2020.07.31"]
[SourceQuality "1"]

1. e4 e5 2. Nf3 Nc6 3. Bb5 a6 4. Ba4 b5 5. Bb3 g6 6. 0-0 Bg7 7. c3 Nge7 8. d4 exd4 9. cxd4 d6 10. h3 0-0 11. Nc3 Na5 12. Bc2 c5 13. Ne2 Nc4 14. b3 Nb6 15. Bb2 a5 16. Rc1 Ba6 17. Bb1 c4 18. Nd2 d5 19. exd5 Nexd5 20. bxc4 Nxc4 21. Nxc4 bxc4 22. Be4 Rb8 23. Ba3 Re8 24. Bf3 Nb4 25. Qd2 Nd3 26. Rc2 Qb6 27. g3 h5 28. h4 Rbd8 29. d5 Re5 30. Nc3 Rf5 31. Be4 Rxf2 32. Rxf2 Nxf2 33. Kg2 Ng4 34. Bc1 Re8 35. Qf4 f5 36. Bxf5 gxf5 37. Qxf5 Bc8 38. Qxh5 Re1 39. Kf3 Rf1+ 40. Kg2 Qg1+ 41. Kh3 Nf2# 0-1

[Event "PNWCC Online Masters"]
[Site "Chess.com INT"]
[Date "2020.05.23"]
[Round "1.31"]
[White "Coleman, Teddy"]
[Black "Rao, Anjaneya"]
[Result "1-0"]
[WhiteElo "2333"]
[BlackElo "1814"]
[PlyCount "43"]
[EventDate "2020.05.23"]
[EventType "swiss (rapid)"]
[EventRounds "9"]
[EventCountry "USA"]
[SourceTitle "CBM 196 Extra"]
[Source "ChessBase"]
[SourceDate "2020.07.31"]
[SourceVersion "1"]
[SourceVersionDate "2020.07.31"]
[SourceQuality "1"]

1. c4 c5 2. Nf3 Nc6 3. e3 Nf6 4. Nc3 g6 5. d4 cxd4 6. exd4 d5 7. cxd5 Nxd5 8. Bc4 Nb6 9. Be2 e6 10. Bg5 Be7 11. Bh6 Bf6 12. Ne4 Nd5 13. 0-0 b6 14. Bb5 Bb7 15. Qa4 Rc8 16. Rac1 a6 17. Bxc6+ Rxc6 18. Rxc6 b5 19. Qc2 Nb4 20. Nxf6+ Qxf6 21. Rc8+ Kd7 22. Qc7# 1-0

[Event "IM Not A GM Speed Chess"]
[Site "Chess.com INT"]
[Date "2020.05.14"]
[Round "3.4"]
[White "Coleman, Teddy"]
[Black "Kashlinskaya, Alina"]
[Result "0-1"]
[WhiteElo "2333"]
[BlackElo "2494"]
[PlyCount "124"]
[EventDate "2020.04.18"]
[EventType "k.o. (blitz)"]
[EventRounds "4"]
[EventCountry "USA"]
[SourceTitle "CBM 196 Extra"]
[Source "ChessBase"]
[SourceDate "2020.07.31"]
[SourceVersion "1"]
[SourceVersionDate "2020.07.31"]
[SourceQuality "1"]

1. d4 Nf6 2. c4 g6 3. Nc3 Bg7 4. e4 d6 5. Be2 0-0 6. Be3 e5 7. d5 Na6 8. h4 Nc5 9. Qc2 c6 10. h5 cxd5 11. cxd5 Qa5 12. h6 Bh8 13. Bd2 Bd7 14. Nh3 Rac8 15. Ng5 Qd8 16. Qd1 a5 17. Rb1 Ne8 18. b3 Bf6 19. Nf3 Be7 20. 0-0 f5 21. exf5 Bxf5 22. Rc1 Nf6 23. Na4 Nfe4 24. Nxc5 Nxc5 25. Be3 Bf6 26. a3 Qd7 27. b4 axb4 28. axb4 Ne4 29. Qb3 g5 30. Nd2 Nxd2 31. Bxd2 e4 32. Be3 Qe7 33. b5 Be5 34. b6 Qf6 35. Rxc8 Rxc8 36. Rc1 Ra8 37. g3 Qxh6 38. Qb4 Qh3 39. Bf1 Qg4 40. Qd2 Qh5 41. Bxg5 Bg4 42. Bf4 Bf3 43. Bg2 Rf8 44. Bxe5 Qxe5 45. Rc7 Ra8 46. Kh2 Qh5+ 47. Kg1 Ra1+ 48. Rc1 Rxc1+ 49. Qxc1 Qxd5 50. Qf4 Bxg2 51. Kxg2 e3+ 52. Kg1 Qd1+ 53. Kh2 e2 54. Qg5+ Kf7 55. Qf5+ Ke7 56. Qg5+ Kd7 57. Qf5+ Kc6 58. Qe4+ Kxb6 59. Qe3+ Kb5 60. Qg5+ Kc4 61. Qf4+ Kc3 62. Qe3+ Qd3 0-1

[Event "IM Not A GM Speed Chess"]
[Site "Chess.com INT"]
[Date "2020.05.14"]
[Round "3.18"]
[White "Coleman, Teddy"]
[Black "Kashlinskaya, Alina"]
[Result "1/2-1/2"]
[WhiteElo "2333"]
[BlackElo "2494"]
[PlyCount "34"]
[EventDate "2020.04.18"]
[EventType "k.o. (blitz)"]
[EventRounds "4"]
[EventCountry "USA"]
[SourceTitle "CBM 196 Extra"]
[Source "ChessBase"]
[SourceDate "2020.07.31"]
[SourceVersion "1"]
[SourceVersionDate "2020.07.31"]
[SourceQuality "1"]

1. c4 e5 2. Nc3 Bb4 3. Nd5 Be7 4. Nf3 d6 5. d4 Nf6 6. e4 0-0 7. dxe5 dxe5 8. Nxe5 Nxd5 9. cxd5 Re8 10. Nf3 Bb4+ 11. Bd2 Rxe4+ 12. Be2 Bxd2+ 13. Qxd2 Qe7 14. Ng5 Re5 15. Nf3 Re4 16. Ng5 Re5 17. Nf3 Re4 1/2-1/2

[Event "IM Not A GM Speed Chess"]
[Site "Chess.com INT"]
[Date "2020.05.14"]
[Round "3.5"]
[White "Kashlinskaya, Alina"]
[Black "Coleman, Teddy"]
[Result "0-1"]
[WhiteElo "2494"]
[BlackElo "2333"]
[PlyCount "54"]
[EventDate "2020.04.18"]
[EventType "k.o. (blitz)"]
[EventRounds "4"]
[EventCountry "USA"]
[SourceTitle "CBM 196 Extra"]
[Source "ChessBase"]
[SourceDate "2020.07.31"]
[SourceVersion "1"]
[SourceVersionDate "2020.07.31"]
[SourceQuality "1"]

1. d4 d5 2. c4 e6 3. Nf3 Nf6 4. Nc3 c6 5. Bg5 Nbd7 6. e3 Qa5 7. cxd5 Nxd5 8. Rc1 b6 9. Be2 h6 10. Bh4 Nxc3 11. bxc3 Ba3 12. Rc2 Ba6 13. 0-0 Bxe2 14. Qxe2 0-0 15. e4 Rfe8 16. e5 c5 17. Nd2 cxd4 18. cxd4 b5 19. Ne4 Rac8 20. Nd6 Bxd6 21. exd6 Qa4 22. Rxc8 Rxc8 23. Rd1 Rc2 24. Qf3 Rxa2 25. h3 b4 26. Qa8+ Kh7 27. Qe8 Qxd1+ 0-1

[Event "IM Not A GM Speed Chess"]
[Site "Chess.com INT"]
[Date "2020.05.14"]
[Round "3.9"]
[White "Kashlinskaya, Alina"]
[Black "Coleman, Teddy"]
[Result "1-0"]
[WhiteElo "2494"]
[BlackElo "2333"]
[PlyCount "107"]
[EventDate "2020.04.18"]
[EventType "k.o. (blitz)"]
[EventRounds "4"]
[EventCountry "USA"]
[SourceTitle "CBM 196 Extra"]
[Source "ChessBase"]
[SourceDate "2020.07.31"]
[SourceVersion "1"]
[SourceVersionDate "2020.07.31"]
[SourceQuality "1"]

1. d4 d5 2. c4 e6 3. Nc3 c6 4. e4 dxe4 5. Nxe4 Bb4+ 6. Bd2 Qxd4 7. Bxb4 Qxe4+ 8. Be2 a5 9. Bd6 Nh6 10. Qd2 Nf5 11. Ba3 Qd4 12. 0-0-0 Qxd2+ 13. Rxd2 Nd7 14. Nf3 c5 15. Rhd1 b6 16. Ne5 Nd4 17. Bf3 Ra7 18. Nc6 Nxc6 19. Bxc6 Rc7 20. Bb5 Ke7 21. b3 Rd8 22. Bb2 f6 23. g4 Bb7 24. g5 Bc6 25. gxf6+ gxf6 26. Bxc6 Rxc6 27. Bxf6+ Kxf6 28. Rxd7 Rxd7 29. Rxd7 h5 30. Kd2 Kf5 31. Ke3 Kg4 32. Rg7+ Kh3 33. Rh7 h4 34. Kf4 Rc8 35. Rh6 Rf8+ 36. Kg5 Rf5+ 37. Kg6 Rxf2 38. Kg5 Rf5+ 39. Kg6 Rf4 40. Kg5 Re4 41. Rh8 Re5+ 42. Kf6 Re2 43. Kg5 Kxh2 44. Rxh4+ Kg2 45. Kf6 Kf3 46. Rh8 e5 47. Kf5 e4 48. Rh3+ Kg2 49. Rh4 Rxa2 50. Rxe4 Rb2 51. Re3 Kf2 52. Kf4 Rb1 53. Rh3 Rb2 54. Rh2+ 1-0

[Event "IM Not A GM Speed Chess"]
[Site "Chess.com INT"]
[Date "2020.04.30"]
[Round "2.6"]
[White "Coleman, Teddy"]
[Black "Rozman, Levy"]
[Result "1-0"]
[WhiteElo "2333"]
[BlackElo "2343"]
[PlyCount "95"]
[EventDate "2020.04.18"]
[EventType "k.o. (blitz)"]
[EventRounds "4"]
[EventCountry "USA"]
[SourceTitle "CBM 196 Extra"]
[Source "ChessBase"]
[SourceDate "2020.07.31"]
[SourceVersion "1"]
[SourceVersionDate "2020.07.31"]
[SourceQuality "1"]

1. d4 Nf6 2. c4 b6 3. Nc3 Bb7 4. e3 g6 5. Nf3 Bg7 6. Bd3 0-0 7. 0-0 d6 8. b3 e5 9. dxe5 dxe5 10. Nxe5 Nfd7 11. Nxd7 Bxc3 12. Nxf8 Bxa1 13. Nxh7 Na6 14. f4 Nc5 15. Ba3 Nxd3 16. Qxa1 Kxh7 17. Rd1 Be4 18. Qc3 Qh4 19. Rxd3 Bxd3 20. Bb2 f6 21. g3 Qg4 22. Qxd3 Qe6 23. e4 Re8 24. e5 fxe5 25. Bxe5 Qe7 26. h4 Qc5+ 27. Kh2 Qf2+ 28. Kh3 Qg1 29. Qf3 Qc1 30. h5 Qc2 31. Qg4 Qf5 32. hxg6+ Qxg6 33. Qd7+ Kg8 34. g4 Qh7+ 35. Qxh7+ Kxh7 36. Kg3 Kg6 37. Kf3 Re7 38. Ke4 Rd7 39. a4 c5 40. Bb8 Re7+ 41. Kf3 Rb7 42. f5+ Kf7 43. Be5 a6 44. g5 b5 45. g6+ Kg8 46. axb5 axb5 47. f6 bxc4 48. f7+ 1-0

[Event "IM Not A GM Speed Chess"]
[Site "Chess.com INT"]
[Date "2020.04.30"]
[Round "2.12"]
[White "Coleman, Teddy"]
[Black "Rozman, Levy"]
[Result "1-0"]
[WhiteElo "2333"]
[BlackElo "2343"]
[PlyCount "47"]
[EventDate "2020.04.18"]
[EventType "k.o. (blitz)"]
[EventRounds "4"]
[EventCountry "USA"]
[SourceTitle "CBM 196 Extra"]
[Source "ChessBase"]
[SourceDate "2020.07.31"]
[SourceVersion "1"]
[SourceVersionDate "2020.07.31"]
[SourceQuality "1"]

1. d4 Nf6 2. c4 e6 3. Nc3 d5 4. cxd5 exd5 5. Bg5 c6 6. e3 Be7 7. Qc2 Nbd7 8. Bd3 Nf8 9. Nge2 Ne6 10. Bh4 g6 11. f3 Nh5 12. Bf2 f5 13. g4 fxg4 14. fxg4 Nf6 15. h3 Qa5 16. 0-0-0 Bd7 17. Kb1 c5 18. dxc5 Qxc5 19. Rhf1 Rc8 20. e4 d4 21. e5 Qxe5 22. Nxd4 Nxd4 23. Bxd4 Qxd4 24. Bxg6+ 1-0

[Event "IM Not A GM Speed Chess"]
[Site "Chess.com INT"]
[Date "2020.04.30"]
[Round "2.14"]
[White "Coleman, Teddy"]
[Black "Rozman, Levy"]
[Result "0-1"]
[WhiteElo "2333"]
[BlackElo "2343"]
[PlyCount "60"]
[EventDate "2020.04.18"]
[EventType "k.o. (blitz)"]
[EventRounds "4"]
[EventCountry "USA"]
[SourceTitle "CBM 196 Extra"]
[Source "ChessBase"]
[SourceDate "2020.07.31"]
[SourceVersion "1"]
[SourceVersionDate "2020.07.31"]
[SourceQuality "1"]

1. c4 f5 2. b3 e5 3. Bb2 Nc6 4. e3 Nf6 5. Nf3 e4 6. Nd4 Nxd4 7. Bxd4 Be7 8. Be2 0-0 9. 0-0 b6 10. f3 Bb7 11. fxe4 Nxe4 12. d3 Nd6 13. Bf3 Bxf3 14. Qxf3 Bf6 15. Nc3 Kh8 16. Bxf6 Qxf6 17. Nd5 Qd8 18. Rae1 c6 19. Nf4 Qf6 20. Nh5 Qe7 21. Qg3 g6 22. Nf4 Rae8 23. h4 Qf6 24. Re2 Rf7 25. Rfe1 Rfe7 26. Kf2 Nf7 27. e4 Ne5 28. Kg1 Ng4 29. exf5 Rxe2 30. Rxe2 Qa1+ 0-1